| 000 | 00880cam a2200265 a 4500 | ||
|---|---|---|---|
| 001 | 5909 | ||
| 003 | FISKH | ||
| 005 | 20250815104508.0 | ||
| 008 | 071218r20071999nyua b 000 1 eng | ||
| 010 | _a 2007043937 | ||
| 020 | _a9780698400528 | ||
| 040 |
_aDLC _cDLC _dDLC _beng |
||
| 050 | _aPZ7.C234937 A1 | ||
| 082 | _a 823.8 | ||
| 100 | 1 |
_aCarroll, Lewis, _d1832-1898. |
|
| 245 | 1 | 0 |
_aAlice adventures in wonderland / _cBy Lewis Carroll |
| 260 |
_aPhnom Penh : _bFootprint International School, _c2025. |
||
| 300 |
_a93 pages : _c21 cm |
||
| 520 | _aA little girl falls down a rabbit hole and discovers a world of nonsensical and amusing characters. | ||
| 650 | 1 |
_aFantasy. _2Adventure _vAlice in Wonderland _xChildren's literature |
|
| 700 | 1 |
_aZwerger, Lisbeth, _eill. |
|
| 906 |
_a7 _bcbc _corignew _d1 _eecip _f20 _gy-gencatlg |
||
| 942 |
_2ddc _cBK _n0 |
||
| 999 |
_c5909 _d5909 |
||